[Event "Madrid-ch 2018-2019 - Previa A"]
[Site "Madrid ESP"]
[Date "2019.02.04"]
[Round "2.9"]
[White "Fernandez Aransay, Fernando"]
[Black "Chidichimo, Pedro Jose Maria"]
[Result "0-1"]
[WhiteElo "1869"]
[BlackElo "1769"]
[PlyCount "78"]
[EventDate "2019.02.04"]
[EventType "swiss"]
[EventRounds "9"]
[EventCountry "ESP"]
[SourceTitle "Ajedrez en Madrid"]
[Source "lmi"]
[SourceDate "2019.02.04"]
[SourceVersion "1"]
[SourceVersionDate "2019.02.22"]
[SourceQuality "1"]

1. e4 d6 2. d4 Nf6 3. Nc3 Nbd7 4. Be3 e5 5. f3 c6 6. Qd2 Be7 7. O-O-O Qa5 8.
Kb1 b5 9. g4 Nb6 10. Nd5 Qxd2 11. Nxf6+ Bxf6 12. Rxd2 Nc4 13. Bxc4 bxc4 14. g5
Be7 15. dxe5 dxe5 16. Ne2 Be6 17. Rhd1 Bb4 18. c3 Be7 19. Ng3 g6 20. h4 O-O 21.
h5 a5 22. a4 Rab8 23. Ka2 Rfd8 24. f4 Rd3 25. Rxd3 cxd3+ 26. Ka1 Rd8 27. f5 Bb3
28. Rd2 c5 29. f6 Bf8 30. h6 Bxa4 31. Bf2 Bb3 32. Ne2 a4 33. Ng1 c4 34. Nf3 a3
35. Nxe5 Ra8 36. Nd7 axb2+ 37. Kb1 Ra1+ 38. Kxb2 Ra2+ 39. Kc1 Ba3+ 0-1

[Event "Madrid-ch 2018-2019 - Previa A"]
[Site "Madrid ESP"]
[Date "2019.02.04"]
[Round "2.11"]
[White "De La Fuente Ebro, Miguel"]
[Black "Camarero Izquierdo, Juan Carlos"]
[Result "0-1"]
[WhiteElo "1689"]
[BlackElo "1867"]
[PlyCount "56"]
[EventDate "2019.02.04"]
[EventType "swiss"]
[EventRounds "9"]
[EventCountry "ESP"]
[SourceTitle "Ajedrez en Madrid"]
[Source "lmi"]
[SourceDate "2019.02.04"]
[SourceVersion "1"]
[SourceVersionDate "2019.02.22"]
[SourceQuality "1"]

1. d4 f5 2. c4 e6 3. Nf3 d5 4. e3 Nf6 5. Nc3 c6 6. cxd5 exd5 7. Bd3 Bd6 8. O-O
O-O 9. Qc2 Ne4 10. g3 Nd7 11. Nd2 Ndf6 12. Ndxe4 fxe4 13. Be2 Bh3 14. Re1 Ng4
15. Nd1 Qf6 16. Bf1 Qh6 17. f4 exf3 18. Nf2 Nxf2 19. Qxf2 Bxf1 20. Rxf1 Qh3 21.
Bd2 Rf6 22. a3 h5 23. Kh1 Re8 24. Rg1 Re4 25. Rad1 Rg4 26. Bc3 h4 27. gxh4 Rxh4
28. Rd2 Rfh6 0-1

[Event "Madrid-ch 2018-2019 - Previa A"]
[Site "Madrid ESP"]
[Date "2019.02.04"]
[Round "2.12"]
[White "Garcia Diez, Mariano"]
[Black "Valencia De Loma, Sergio"]
[Result "1-0"]
[WhiteElo "1863"]
[BlackElo "1757"]
[PlyCount "75"]
[EventDate "2019.02.04"]
[EventType "swiss"]
[EventRounds "9"]
[EventCountry "ESP"]
[SourceTitle "Ajedrez en Madrid"]
[Source "lmi"]
[SourceDate "2019.02.04"]
[SourceVersion "1"]
[SourceVersionDate "2019.02.22"]
[SourceQuality "1"]

1. Nf3 c5 2. e4 e6 3. d3 Nc6 4. Nbd2 Be7 5. g3 d5 6. Bg2 Nf6 7. O-O Qc7 8. Re1
h6 9. Nf1 b6 10. Bf4 Qd8 11. Ne5 Bb7 12. Nxc6 Bxc6 13. e5 Nd7 14. Qg4 g5 15.
Bd2 Qc7 16. f4 O-O-O 17. c3 Rdg8 18. Qe2 h5 19. d4 h4 20. g4 h3 21. Bf3 gxf4
22. Bxf4 f5 23. exf6 Qxf4 24. fxe7 Bb5 25. Qe3 Qxe3+ 26. Rxe3 Nf6 27. Rxe6 Nxg4
28. Bxg4 Rxg4+ 29. Ng3 cxd4 30. cxd4 Rg7 31. Rae1 Re8 32. Kh1 Kd7 33. Nf5 Rg5
34. Rd6+ Kc7 35. Rf6 Bd3 36. Nd6 Bf1 37. Nxe8+ Kd7 38. Rfxf1 1-0

[Event "Madrid-ch 2018-2019 - Previa A"]
[Site "Madrid ESP"]
[Date "2019.02.04"]
[Round "2.13"]
[White "Martinez Pascual, Gonzalo"]
[Black "Garcia Galeote, Lorenzo"]
[Result "0-1"]
[WhiteElo "1422"]
[BlackElo "1855"]
[PlyCount "96"]
[EventDate "2019.02.04"]
[EventType "swiss"]
[EventRounds "9"]
[EventCountry "ESP"]
[SourceTitle "Ajedrez en Madrid"]
[Source "lmi"]
[SourceDate "2019.02.04"]
[SourceVersion "1"]
[SourceVersionDate "2019.02.22"]
[SourceQuality "1"]

1. d4 g6 2. Bf4 Bg7 3. e3 d6 4. Nf3 Nf6 5. Be2 O-O 6. c4 c5 7. Nc3 Nh5 8. Bg5
h6 9. Bh4 cxd4 10. Nxd4 Nf6 11. O-O Nc6 12. Nxc6 bxc6 13. Bf3 Bd7 14. Qc2 Rb8
15. Rad1 Qa5 16. Bg3 Ng4 17. a3 Ne5 18. Be2 Be6 19. Bxe5 Bxe5 20. f4 Bxc3 21.
Qxc3 Qxc3 22. bxc3 Rb3 23. Rc1 Rxa3 24. e4 f5 25. exf5 Bxf5 26. Bf3 c5 27. Rfe1
Kf7 28. g4 Bd7 29. Re3 Rb8 30. Rce1 e6 31. f5 gxf5 32. gxf5 e5 33. Bd5+ Kf6 34.
Rg3 Be8 35. Rg8 Rab3 36. Be4 Bf7 37. Rxb8 Rxb8 38. Ra1 Bxc4 39. Rxa7 d5 40. Bg2
Kxf5 41. Ra5 Rb1+ 42. Kf2 Rb2+ 43. Kg3 Rb3 44. Bh3+ Kg5 45. Bg2 Rxc3+ 46. Kf2
Kf4 47. Rxc5 e4 48. Rc6 e3+ 0-1

[Event "Madrid-ch 2018-2019 - Previa A"]
[Site "Madrid ESP"]
[Date "2019.02.04"]
[Round "2.14"]
[White "Martin Vazquez, Jose Luis"]
[Black "Lopez Orellana, Federico"]
[Result "1/2-1/2"]
[WhiteElo "1832"]
[BlackElo "1732"]
[PlyCount "38"]
[EventDate "2019.02.04"]
[EventType "swiss"]
[EventRounds "9"]
[EventCountry "ESP"]
[SourceTitle "Ajedrez en Madrid"]
[Source "lmi"]
[SourceDate "2019.02.04"]
[SourceVersion "1"]
[SourceVersionDate "2019.02.22"]
[SourceQuality "1"]

1. e4 e6 2. d4 d5 3. Bd3 dxe4 4. Bxe4 Nf6 5. Bf3 c6 6. Ne2 Bd6 7. c4 O-O 8. O-O
Qc7 9. g3 b6 10. Nbc3 Bb7 11. Bg5 Nbd7 12. Rc1 h6 13. Bxf6 Nxf6 14. d5 Rad8 15.
Qa4 Rc8 16. dxc6 Bxc6 17. Bxc6 Qxc6 18. Qxc6 Rxc6 19. b3 a6 1/2-1/2

[Event "Madrid-ch 2018-2019 - Previa A"]
[Site "Madrid ESP"]
[Date "2019.02.04"]
[Round "2.17"]
[White "Lizon Martinez, Santiago"]
[Black "Lopez de Turiso, Jose Angel"]
[Result "1-0"]
[WhiteElo "1663"]
[BlackElo "1970"]
[PlyCount "89"]
[EventDate "2019.02.04"]
[EventType "swiss"]
[EventRounds "9"]
[EventCountry "ESP"]
[SourceTitle "Ajedrez en Madrid"]
[Source "lmi"]
[SourceDate "2019.02.04"]
[SourceVersion "1"]
[SourceVersionDate "2019.02.22"]
[SourceQuality "1"]

1. e4 c5 2. Nf3 Nc6 3. Bb5 e6 4. O-O Qc7 5. Re1 Nge7 6. c3 a6 7. Ba4 b5 8. Bc2
d6 9. d3 Ng6 10. Nbd2 Be7 11. Nf1 O-O 12. d4 Bb7 13. Be3 Rad8 14. Ng3 Bc8 15.
Rc1 f5 16. exf5 exf5 17. Bg5 h6 18. Bxe7 Ngxe7 19. Qd3 Kh7 20. a3 g6 21. h4 f4
22. Ne2 Bf5 23. Qd2 Nd5 24. b3 c4 25. bxc4 bxc4 26. Rb1 Kg7 27. Rb2 Rb8 28.
Reb1 Bxc2 29. Qxc2 Qf7 30. Qa4 Nde7 31. Rxb8 Rxb8 32. Rxb8 Nxb8 33. Qb4 Nd7 34.
Qxd6 Nd5 35. Qxa6 N7b6 36. a4 Qe8 37. a5 Qxe2 38. axb6 Qd1+ 39. Kh2 Nf6 40.
Qb7+ Kf8 41. Qc8+ Kg7 42. b7 h5 43. Ne5 Ng4+ 44. Nxg4 hxg4 45. Qc7+ 1-0

[Event "Madrid-ch 2018-2019 - Previa A"]
[Site "Madrid ESP"]
[Date "2019.02.04"]
[Round "2.18"]
[White "Perez Agusti, Luis"]
[Black "Martinez Miura, Enrique"]
[Result "1/2-1/2"]
[WhiteElo "1934"]
[BlackElo "1673"]
[PlyCount "62"]
[EventDate "2019.02.04"]
[EventType "swiss"]
[EventRounds "9"]
[EventCountry "ESP"]
[SourceTitle "Ajedrez en Madrid"]
[Source "lmi"]
[SourceDate "2019.02.04"]
[SourceVersion "1"]
[SourceVersionDate "2019.02.22"]
[SourceQuality "1"]

1. d4 d5 2. Nf3 c6 3. Bg5 Nd7 4. e3 Ngf6 5. Bd3 e6 6. O-O Be7 7. c4 O-O 8. Nc3
b6 9. Qa4 Bb7 10. cxd5 Nxd5 11. Bxe7 Qxe7 12. Nxd5 exd5 13. b4 a5 14. b5 c5 15.
Bf5 c4 16. Bxd7 Qxd7 17. Ne5 Qd6 18. Qc2 f6 19. Nf3 Rac8 20. Nd2 Rfe8 21. Nb1
Rc7 22. Nc3 Bc8 23. Rfe1 Rce7 24. Rad1 Bb7 25. Qf5 g6 26. Qf3 f5 27. g3 Kg7 28.
h4 h5 29. Rb1 Rd8 30. Na4 Re4 31. Nc3 Re7 1/2-1/2

[Event "Madrid-ch 2018-2019 - Previa A"]
[Site "Madrid ESP"]
[Date "2019.02.04"]
[Round "2.20"]
[White "Barahona Torrijos, Angel"]
[Black "Alvarez Abejon, Amilcar"]
[Result "1/2-1/2"]
[WhiteElo "1714"]
[BlackElo "1919"]
[PlyCount "61"]
[EventDate "2019.02.04"]
[EventType "swiss"]
[EventRounds "9"]
[EventCountry "ESP"]
[SourceTitle "Ajedrez en Madrid"]
[Source "lmi"]
[SourceDate "2019.02.04"]
[SourceVersion "1"]
[SourceVersionDate "2019.02.22"]
[SourceQuality "1"]

1. d4 d5 2. Nf3 Nf6 3. Bg5 Ne4 4. Bf4 c5 5. c3 Qb6 6. Qb3 c4 7. Qxb6 axb6 8.
Nfd2 Nxd2 9. Nxd2 b5 10. e4 Be6 11. Be2 Nc6 12. Bf3 dxe4 13. Bxe4 Bg4 14. O-O
e6 15. Rfe1 Kd7 16. h3 Bh5 17. d5 exd5 18. Bxd5 Bd6 19. Be3 f5 20. a4 Rxa4 21.
Rxa4 bxa4 22. Nxc4 b5 23. Nxd6 Kxd6 24. Bxc6 Kxc6 25. Bd4 Re8 26. Kf1 Rxe1+ 27.
Kxe1 g5 28. Bf6 g4 29. h4 Kd5 30. Kd2 Ke4 31. Be7 1/2-1/2

[Event "Madrid-ch 2018-2019 - Previa A"]
[Site "Madrid ESP"]
[Date "2019.02.04"]
[Round "2.21"]
[White "Ruiz Quevedo, Andres"]
[Black "Rubio Gonzalez, Beltran"]
[Result "1/2-1/2"]
[WhiteElo "1896"]
[BlackElo "1579"]
[PlyCount "54"]
[EventDate "2019.02.04"]
[EventType "swiss"]
[EventRounds "9"]
[EventCountry "ESP"]
[SourceTitle "Ajedrez en Madrid"]
[Source "lmi"]
[SourceDate "2019.02.04"]
[SourceVersion "1"]
[SourceVersionDate "2019.02.22"]
[SourceQuality "1"]

1. e4 e6 2. c4 d5 3. cxd5 exd5 4. exd5 Nf6 5. Bb5+ Bd7 6. Bc4 Bd6 7. Nf3 O-O 8.
O-O Bg4 9. Nc3 a6 10. a4 Nbd7 11. h3 Bxf3 12. Qxf3 Ne5 13. Qe2 Nxc4 14. Qxc4
Qd7 15. d3 Qf5 16. Be3 Rad8 17. Rae1 Rfe8 18. Bd4 Qf4 19. g3 Qf3 20. Bxf6 Qxf6
21. Ne4 Qg6 22. Kg2 f5 23. Nxd6 Qxd6 24. Re6 Rxe6 25. dxe6 Qd5+ 26. Qxd5 Rxd5
27. Re1 Kf8 1/2-1/2

[Event "Madrid-ch 2018-2019 - Previa A"]
[Site "Madrid ESP"]
[Date "2019.02.04"]
[Round "2.22"]
[White "De Vicente Guijarro, Juan"]
[Black "Martinez Pintor, Juan"]
[Result "1-0"]
[WhiteElo "1867"]
[BlackElo "1604"]
[PlyCount "49"]
[EventDate "2019.02.04"]
[EventType "swiss"]
[EventRounds "9"]
[EventCountry "ESP"]
[SourceTitle "Ajedrez en Madrid"]
[Source "lmi"]
[SourceDate "2019.02.04"]
[SourceVersion "1"]
[SourceVersionDate "2019.02.22"]
[SourceQuality "1"]

1. e4 e6 2. d4 d5 3. Nd2 Be7 4. Bd3 c5 5. dxc5 Bxc5 6. Nb3 Bb6 7. exd5 exd5 8.
h3 h6 9. Nf3 Nf6 10. Qe2+ Qe7 11. Qxe7+ Kxe7 12. O-O Nc6 13. Re1+ Be6 14. c3
Rhe8 15. Be3 Bc7 16. Bc5+ Bd6 17. Bb5 Ne4 18. Bxd6+ Nxd6 19. Nbd4 Rac8 20. Re2
Kf8 21. Rae1 Bd7 22. Bxc6 bxc6 23. Ne5 Re7 24. Ng6+ fxg6 25. Rxe7 1-0

[Event "Madrid-ch 2018-2019 - Previa A"]
[Site "Madrid ESP"]
[Date "2019.02.04"]
[Round "2.23"]
[White "Andrade Sandoval, Bianca"]
[Black "Mejias Gonzalez, Pedro"]
[Result "1-0"]
[WhiteElo "1981"]
[BlackElo "1574"]
[PlyCount "67"]
[EventDate "2019.02.04"]
[EventType "swiss"]
[EventRounds "9"]
[EventCountry "ESP"]
[SourceTitle "Ajedrez en Madrid"]
[Source "lmi"]
[SourceDate "2019.02.04"]
[SourceVersion "1"]
[SourceVersionDate "2019.02.22"]
[SourceQuality "1"]

1. d4 d5 2. Bf4 Nf6 3. e3 e6 4. Nf3 Be7 5. Bd3 O-O 6. h3 Ne4 7. Nbd2 f5 8. Ne5
Nd7 9. Ndf3 Bb4+ 10. c3 Bd6 11. O-O a5 12. c4 Nxe5 13. Nxe5 c6 14. a3 Bxe5 15.
Bxe5 b6 16. b4 axb4 17. cxd5 cxd5 18. axb4 Bb7 19. f3 Rxa1 20. Qxa1 Nd2 21. Re1
Nc4 22. Bg3 b5 23. Qc3 Qd7 24. e4 Rc8 25. exf5 Nd6 26. fxe6 Qe7 27. Qd2 Nc4 28.
Qf4 Re8 29. Bh4 Qf8 30. Qg5 Nd6 31. Bg3 Kh8 32. Qh5 g6 33. Bxg6 Re7 34. Bxd6
1-0

[Event "Madrid-ch 2018-2019 - Previa A"]
[Site "Madrid ESP"]
[Date "2019.02.04"]
[Round "2.24"]
[White "Martinez Carrasco, Jesus"]
[Black "Perez Cameselle, Francisco"]
[Result "0-1"]
[WhiteElo "1567"]
[BlackElo "1785"]
[PlyCount "111"]
[EventDate "2019.02.04"]
[EventType "swiss"]
[EventRounds "9"]
[EventCountry "ESP"]
[SourceTitle "Ajedrez en Madrid"]
[Source "lmi"]
[SourceDate "2019.02.04"]
[SourceVersion "1"]
[SourceVersionDate "2019.02.22"]
[SourceQuality "1"]

1. d4 Nf6 2. c4 c5 3. e3 g6 4. Nf3 Bg7 5. Nc3 O-O 6. Be2 cxd4 7. Nxd4 Nc6 8.
Nf3 d6 9. O-O a6 10. Bd2 h6 11. a3 Be6 12. Rc1 d5 13. cxd5 Nxd5 14. Nxd5 Bxd5
15. Bc3 e5 16. Re1 Be6 17. h3 Qe7 18. Qc2 Rac8 19. Qb1 Rfd8 20. Red1 Bf5 21. e4
Be6 22. b4 Nd4 23. Nxd4 exd4 24. Bb2 b5 25. Rxc8 Bxc8 26. Rc1 Bb7 27. Bd3 Rc8
28. Rxc8+ Bxc8 29. Qc1 Bb7 30. f3 h5 31. Qe1 Be5 32. Qf2 Qf6 33. g3 g5 34. Bc1
Bc8 35. Kg2 Qe6 36. g4 hxg4 37. hxg4 f6 38. Bb2 Qd6 39. Qc2 Be6 40. Qf2 Bc4 41.
Qc2 Qe6 42. Qd2 Kf7 43. Qe2 Ke7 44. Qd2 Bxd3 45. Qxd3 Qc4 46. Qd2 Ke6 47. Kf2
d3 48. Bxe5 Kxe5 49. Qb2+ Qd4+ 50. Qxd4+ Kxd4 51. Ke1 Ke3 52. Kd1 Kxf3 53. Kd2
Kxe4 54. Kd1 Kf3 55. Kd2 Kxg4 56. Kxd3 0-1

[Event "Madrid-ch 2018-2019 - Previa A"]
[Site "Madrid ESP"]
[Date "2019.02.04"]
[Round "2.25"]
[White "De Juan Rivas, Antonio"]
[Black "Cano Mercado, Francisco Manuel"]
[Result "0-1"]
[WhiteElo "1541"]
[BlackElo "1739"]
[PlyCount "122"]
[EventDate "2019.02.04"]
[EventType "swiss"]
[EventRounds "9"]
[EventCountry "ESP"]
[SourceTitle "Ajedrez en Madrid"]
[Source "lmi"]
[SourceDate "2019.02.04"]
[SourceVersion "1"]
[SourceVersionDate "2019.02.22"]
[SourceQuality "1"]

1. d4 Nf6 2. Bf4 g6 3. e3 Bg7 4. Nf3 d6 5. Nbd2 Nbd7 6. Be2 b6 7. c3 Bb7 8. h3
O-O 9. O-O e6 10. Bg5 Qe8 11. Bf4 e5 12. dxe5 dxe5 13. Bh2 a6 14. a4 Qe7 15.
Qc2 c5 16. Rad1 e4 17. Ne1 Ne5 18. Nc4 Nxc4 19. Bxc4 Rad8 20. Rxd8 Rxd8 21. Qe2
a5 22. Nc2 Qd7 23. Na3 Qd2 24. Qxd2 Rxd2 25. b3 Nd7 26. Nb5 Ne5 27. Rc1 Kf8 28.
Kf1 Ke7 29. Ke1 Rd7 30. Rd1 Bc6 31. Ke2 Rxd1 32. Kxd1 Bxb5 33. Bxb5 Ke6 34. Be2
Nd7 35. Kc2 Be5 36. Bc4+ Ke7 37. g3 g5 38. Bd5 Nf6 39. Bb7 Kd6 40. f4 exf3 41.
Bxf3 Nd5 42. Bxd5 Kxd5 43. Kd3 f5 44. c4+ Ke6 45. Ke2 h5 46. Kf3 h4 47. Kg2
hxg3 48. Bxg3 Bxg3 49. Kxg3 Kf6 50. Kf2 Ke6 51. Kg3 Ke5 52. Kf3 g4+ 53. hxg4
fxg4+ 54. Kg3 Kf5 55. Kh4 Ke4 56. Kxg4 Kxe3 57. Kf5 Kd3 58. Ke5 Kc3 59. Kd5
Kxb3 60. Kc6 Kxc4 61. Kxb6 Kb4 0-1

[Event "Madrid-ch 2018-2019 - Previa A"]
[Site "Madrid ESP"]
[Date "2019.02.04"]
[Round "2.26"]
[White "Ramos Antona, Enrique"]
[Black "Lopez Peral, Enrique"]
[Result "1/2-1/2"]
[WhiteElo "1521"]
[BlackElo "1714"]
[PlyCount "77"]
[EventDate "2019.02.04"]
[EventType "swiss"]
[EventRounds "9"]
[EventCountry "ESP"]
[SourceTitle "Ajedrez en Madrid"]
[Source "lmi"]
[SourceDate "2019.02.04"]
[SourceVersion "1"]
[SourceVersionDate "2019.02.22"]
[SourceQuality "1"]

1. c4 e6 2. Nf3 d5 3. b3 d4 4. g3 Nf6 5. Bg2 Bd6 6. O-O c5 7. d3 O-O 8. Bg5 h6
9. Bxf6 Qxf6 10. Nbd2 Qe7 11. Ne4 f5 12. Nxd6 Qxd6 13. e3 Nc6 14. Re1 Rb8 15.
e4 Bd7 16. e5 Qc7 17. Qe2 Be8 18. Nd2 Qe7 19. f4 Nb4 20. Nf3 Bc6 21. a3 Na6 22.
Nh4 Be8 23. Rab1 g5 24. fxg5 hxg5 25. Nf3 Bh5 26. Qd2 Bxf3 27. Bxf3 g4 28. Bg2
b6 29. Qh6 Rf7 30. Rb2 Rh7 31. Qg6+ Rg7 32. Qh6 Rh7 33. Qf6 Qxf6 34. exf6 Kf7
35. Rbe2 Nc7 36. Bc6 Kxf6 37. b4 cxb4 38. axb4 a6 39. Rf2 1/2-1/2

[Event "Madrid-ch 2018-2019 - Previa A"]
[Site "Madrid ESP"]
[Date "2019.02.04"]
[Round "2.27"]
[White "Caamaño Jimenez, Luis"]
[Black "Santos Rodriguez, Jose"]
[Result "1-0"]
[WhiteElo "1709"]
[BlackElo "1552"]
[PlyCount "97"]
[EventDate "2019.02.04"]
[EventType "swiss"]
[EventRounds "9"]
[EventCountry "ESP"]
[SourceTitle "Ajedrez en Madrid"]
[Source "lmi"]
[SourceDate "2019.02.04"]
[SourceVersion "1"]
[SourceVersionDate "2019.02.22"]
[SourceQuality "1"]

1. c4 e5 2. d3 Nf6 3. Nc3 Bb4 4. Bd2 O-O 5. g3 Re8 6. Bg2 Nc6 7. e3 d6 8. a3
Bxc3 9. Bxc3 Bf5 10. Ne2 Qd7 11. h3 d5 12. cxd5 Nxd5 13. Bxd5 Qxd5 14. e4 Bxe4
15. dxe4 Qxe4 16. O-O Rad8 17. Qe1 Rd6 18. Rd1 Rh6 19. Kh2 Qf5 20. Ng1 e4 21.
Qe3 g5 22. Rd2 Ne5 23. Bxe5 Qxe5 24. Rfd1 Rg6 25. Rd8 Kf8 26. Rxe8+ Kxe8 27.
Qd4 Qxd4 28. Rxd4 f5 29. g4 c5 30. gxf5 cxd4 31. fxg6 hxg6 32. Ne2 d3 33. Nc3
Kd7 34. Kg3 d2 35. Kg4 Ke6 36. Kxg5 Ke5 37. h4 b5 38. Kxg6 a5 39. h5 b4 40.
axb4 axb4 41. Nd1 Kd4 42. h6 Kd3 43. h7 Ke2 44. Ne3 Kxf2 45. h8=Q Kxe3 46. Qh5
Kd3 47. Qd5+ Ke3 48. Kf5 Ke2 49. Qxe4+ 1-0

[Event "Madrid-ch 2018-2019 - Previa A"]
[Site "Madrid ESP"]
[Date "2019.02.04"]
[Round "2.28"]
[White "Marivela Santos, Juan Carlos"]
[Black "Cumita Waschke, Fran"]
[Result "1-0"]
[WhiteElo "1677"]
[BlackElo "1529"]
[PlyCount "149"]
[EventDate "2019.02.04"]
[EventType "swiss"]
[EventRounds "9"]
[EventCountry "ESP"]
[SourceTitle "Ajedrez en Madrid"]
[Source "lmi"]
[SourceDate "2019.02.04"]
[SourceVersion "1"]
[SourceVersionDate "2019.02.22"]
[SourceQuality "1"]

1. c4 e6 2. Nf3 Nf6 3. Nc3 c6 4. e3 a6 5. Qc2 d5 6. d4 Bb4 7. a3 Qa5 8. Bd2 Be7
9. Nxd5 Qd8 10. Nxe7 Qxe7 11. Bb4 Qd8 12. Ne5 a5 13. Bc3 Na6 14. Be2 Nc7 15.
O-O Nd7 16. Nxd7 Bxd7 17. Bd3 Qg5 18. f4 Qg4 19. Rf3 Qh4 20. Rg3 g6 21. d5 Rg8
22. d6 Na6 23. Bxa5 Qh5 24. Bc3 Qc5 25. Be5 Rf8 26. Rd1 O-O-O 27. b4 Qa7 28.
Bf6 Rde8 29. c5 Rg8 30. Qc3 Nb8 31. Qb3 Na6 32. Bd4 h6 33. Rc1 g5 34. fxg5 hxg5
35. Bh7 e5 36. Bxe5 Be6 37. Qc3 Kd7 38. Bxg8 Rxg8 39. Bf6 g4 40. Rf1 Rg6 41.
Bd4 Qa8 42. Rf6 Rg5 43. h3 Qg8 44. hxg4 Qh7 45. Rh3 Qb1+ 46. Rf1 Qe4 47. Rf4
Qb1+ 48. Kh2 Qa2 49. Rh8 Bd5 50. Qb2 Rg6 51. Qxa2 Bxa2 52. Bf6 Bb1 53. g5 Bd3
54. Rd8+ Ke6 55. Re8+ Kd7 56. Re7+ Kc8 57. Rxf7 Rg8 58. d7+ Kb8 59. d8=Q+ Rxd8
60. Bxd8 Kc8 61. Bb6 Bg6 62. Re7 Nc7 63. Rxc7+ Kd8 64. Rg7+ Ke8 65. Rxg6 Ke7
66. Rg7+ Ke6 67. Rf6+ Ke5 68. Re7+ Kd5 69. Rd6+ Kc4 70. Rxb7 Kb5 71. Ra7 Kc4
72. Rxc6 Kd5 73. g6 Kxc6 74. g7 Kd5 75. g8=Q+ 1-0

[Event "Madrid-ch 2018-2019 - Previa A"]
[Site "Madrid ESP"]
[Date "2019.02.04"]
[Round "2.29"]
[White "Enriquez Pastor, Jorge"]
[Black "Boni De Aristizabal, Marco"]
[Result "0-1"]
[WhiteElo "1492"]
[BlackElo "1662"]
[PlyCount "56"]
[EventDate "2019.02.04"]
[EventType "swiss"]
[EventRounds "9"]
[EventCountry "ESP"]
[SourceTitle "Ajedrez en Madrid"]
[Source "lmi"]
[SourceDate "2019.02.04"]
[SourceVersion "1"]
[SourceVersionDate "2019.02.22"]
[SourceQuality "1"]

1. e4 c6 2. d4 d5 3. e5 Bf5 4. Nf3 e6 5. Bd3 Bxd3 6. Qxd3 h6 7. Qb3 Qc7 8. O-O
Ne7 9. Re1 Nd7 10. Bf4 g5 11. Bg3 Nf5 12. c3 Be7 13. Nfd2 h5 14. f3 Nxg3 15.
hxg3 h4 16. gxh4 Rxh4 17. Na3 O-O-O 18. c4 Rxd4 19. Qe3 Bc5 20. Kf1 Rf4 21. Qe2
Rh8 22. g3 Rf5 23. cxd5 Rxe5 24. Ne4 exd5 25. Rec1 dxe4 26. f4 gxf4 27. gxf4
Rf5 28. Qg4 Rxf4+ 0-1

[Event "Madrid-ch 2018-2019 - Previa A"]
[Site "Madrid ESP"]
[Date "2019.02.04"]
[Round "2.30"]
[White "Marcelo De La Mata, Daniel"]
[Black "Castro Uceda, Jose Antonio"]
[Result "1/2-1/2"]
[WhiteElo "1649"]
[BlackElo "1518"]
[PlyCount "100"]
[EventDate "2019.02.04"]
[EventType "swiss"]
[EventRounds "9"]
[EventCountry "ESP"]
[SourceTitle "Ajedrez en Madrid"]
[Source "lmi"]
[SourceDate "2019.02.04"]
[SourceVersion "1"]
[SourceVersionDate "2019.02.22"]
[SourceQuality "1"]

1. e4 c5 2. Nf3 d6 3. d3 e6 4. g3 Nc6 5. Bg2 Nf6 6. O-O Be7 7. Re1 O-O 8. Nbd2
h6 9. c3 Qc7 10. Qe2 e5 11. Nf1 Be6 12. Ne3 Qd7 13. Nh4 Ng4 14. Nhf5 Nxe3 15.
Nxe7+ Nxe7 16. Bxe3 Rac8 17. Rf1 Rc7 18. f4 f5 19. fxe5 dxe5 20. b3 b5 21. Rad1
Qc8 22. Bc1 c4 23. dxc4 bxc4 24. b4 Ng6 25. exf5 Bxf5 26. Bd5+ Kh7 27. Be4 Rcf7
28. Bxf5 Rxf5 29. Rxf5 Qxf5 30. Rf1 Qxf1+ 31. Qxf1 Rxf1+ 32. Kxf1 Ne7 33. Ke2
Kg6 34. Be3 a6 35. a4 Nd5 36. Kd2 Kf5 37. b5 axb5 38. axb5 Ke6 39. Bc5 g6 40.
Bf8 h5 41. Bc5 Kd7 42. Ba7 g5 43. h4 g4 44. Bb8 e4 45. Be5 Ke6 46. Bd4 Kd7 47.
Kc2 Kc7 48. Kb2 Kb7 49. Kc2 Kc7 50. Kd2 Kb7 1/2-1/2

[Event "Madrid-ch 2018-2019 - Previa A"]
[Site "Madrid ESP"]
[Date "2019.02.04"]
[Round "2.31"]
[White "Olmos Rodriguez, Arcadio"]
[Black "Bellagamba, Pascal"]
[Result "0-1"]
[WhiteElo "1378"]
[BlackElo "1649"]
[PlyCount "68"]
[EventDate "2019.02.04"]
[EventType "swiss"]
[EventRounds "9"]
[EventCountry "ESP"]
[SourceTitle "Ajedrez en Madrid"]
[Source "lmi"]
[SourceDate "2019.02.04"]
[SourceVersion "1"]
[SourceVersionDate "2019.02.22"]
[SourceQuality "1"]

1. c4 e5 2. g3 Nf6 3. Bg2 g6 4. Nc3 c6 5. d3 d6 6. Bg5 h6 7. Bxf6 Qxf6 8. e4
Bg7 9. Nge2 O-O 10. O-O Qe7 11. b4 Be6 12. Rb1 Nd7 13. f4 exf4 14. Nxf4 Bxc3
15. d4 Bxc4 16. Rf3 Bxa2 17. Rxc3 Bxb1 18. Qxb1 Qf6 19. Qd1 a6 20. Rf3 Qe7 21.
Re3 Qg5 22. Qb3 Rae8 23. h4 Qb5 24. Nxg6 Qb6 25. Nxf8 Nxf8 26. Qc4 d5 27. Qc5
Qxc5 28. bxc5 dxe4 29. Bxe4 Rd8 30. Rd3 Ne6 31. Bf5 Nxd4 32. Kf2 Ne6 33. Rxd8+
Nxd8 34. Bc8 Kg7 0-1

[Event "Madrid-ch 2018-2019 - Previa A"]
[Site "Madrid ESP"]
[Date "2019.02.04"]
[Round "2.32"]
[White "Rodriguez Bachiller, Luis"]
[Black "Becerra Baigorri, Jose"]
[Result "1/2-1/2"]
[WhiteElo "1635"]
[BlackElo "1479"]
[PlyCount "162"]
[EventDate "2019.02.04"]
[EventType "swiss"]
[EventRounds "9"]
[EventCountry "ESP"]
[SourceTitle "Ajedrez en Madrid"]
[Source "lmi"]
[SourceDate "2019.02.04"]
[SourceVersion "1"]
[SourceVersionDate "2019.02.22"]
[SourceQuality "1"]

1. Nf3 d5 2. c4 e6 3. g3 Nf6 4. Bg2 Be7 5. O-O O-O 6. cxd5 exd5 7. d4 c6 8. Nc3
h6 9. Qc2 Be6 10. Re1 Nbd7 11. Bd2 Bd6 12. Rad1 Re8 13. Nh4 Nf8 14. Nf5 Bc7 15.
e4 Bxf5 16. exf5 Rxe1+ 17. Rxe1 Bb6 18. Be3 Ng4 19. Qe2 Nxe3 20. Qxe3 Qf6 21.
Ne2 Qxf5 22. Nf4 Qf6 23. Rd1 Bc7 24. Nh5 Qe6 25. Nf4 Qxe3 26. fxe3 Bxf4 27.
gxf4 Re8 28. Kf2 Nd7 29. Rd3 f5 30. Ra3 a6 31. Rb3 b5 32. Rc3 Nb8 33. b4 Kf7
34. h4 Ke6 35. h5 Kd6 36. Bh3 Ke6 37. Bg2 Re7 38. Rc1 a5 39. bxa5 Ra7 40. Bf1
Rxa5 41. Rc2 Ra7 42. Bh3 Ra6 43. Bf1 Nd7 44. a4 Rb6 45. axb5 cxb5 46. Rb2 b4
47. Ke1 Nf6 48. Be2 Ne4 49. Kd1 Nc3+ 50. Kd2 Nxe2 51. Kxe2 Kd6 52. Kd3 Rb7 53.
Kc2 Kc6 54. Kb3 Re7 55. Re2 Kb5 56. Re1 Rc7 57. Kb2 Rc3 58. Kb1 Kc4 59. Rg1
Rxe3 60. Rxg7 Kb3 61. Kc1 Rc3+ 62. Kd2 Rc2+ 63. Kd3 Rc3+ 64. Kd2 Kb2 65. Rg6
Rc2+ 66. Kd1 Rh2 67. Rxh6 b3 68. Rd6 Kb1 69. Rxd5 b2 70. Rxf5 Ka2 71. Ra5+ Kb3
72. Rb5+ Kc3 73. h6 Rh1+ 74. Ke2 b1=Q 75. Rxb1 Rxb1 76. Kf3 Rh1 77. Ke4 Rxh6
78. f5 Rh4+ 79. Ke5 Rxd4 80. f6 Kc4 81. f7 Rd8 1/2-1/2